000 00709nam a2200289Ia 4500
005 20260324111908.0
008 008 260324s9999 xx 000 0 eng d
020 _a9781032620015
037 _aEBOOK
040 _aCRL
040 _beng
040 _cCRL
041 _2eng
041 _aeng
084 _qCRL
100 _aAlex Deagon
_9875523
245 0 _aChristian Natural Law and Religious Freedom
245 2 _bA Foundation Based on Love, the True, and the Good
260 _bTaylor and Francis
260 _c2025
365 _a
365 _b230
856 _uhttp://www.taylorfrancis.com/books/9781032620015
942 _cEBOOK
999 _c1729439
_d1729439